| 000 | 01005nam a2200253 a 4500 | ||
|---|---|---|---|
| 001 | 000034869 | ||
| 005 | 20251112115145.0 | ||
| 008 | 111020s1986 cu ab 000 0 spa d | ||
| 040 |
_aDO-SdBNP _bspa _cBNPHU |
||
| 082 |
_a985 _bF634b |
||
| 100 | 1 |
_aFlores Galindo, Alberto _945899 |
|
| 245 | 1 | 0 |
_aBuscando un inca : _bidentidad y utopia en los andes / _cAlberto Flores Galindo ; edición César Ramos. |
| 260 |
_aLa Habana, : _bEdiciones casa de las américas, _c1986. |
||
| 300 |
_a400 p. : _bil., map. ; _c19 cm. |
||
| 504 | _aIncluye referencias bibliográficas y notas al pie de las páginas | ||
| 586 | _aCasa de las Américas 1986 | ||
| 650 | 4 |
_aNacionalismo _zPerú _xHistoria _960413 |
|
| 650 | 0 |
_aIndígenas de América del Sur _96752 |
|
| 650 | 4 |
_aResistencia civil _zPerú _xHistoria _960414 |
|
| 650 | 4 |
_aIndigenas de america del sur _zPerú _xHistoria _960415 |
|
| 650 | 4 |
_aUtopias _xAndes (región) _960416 |
|
| 700 | 1 | 2 |
_aRamos, César, _eed. _913341 |
| 910 | _aValidado. Control de calidad MFF | ||
| 999 |
_c34360 _d34360 |
||